书目信息 |
| 题名: |
红色娘子军
|
|
| 作者: | 吴祖强 作曲 | |
| 分册: | ||
| 出版信息: | 北京 人民音乐出版社 2004 |
|
| 页数: | 128页 | |
| 开本: | 26cm | |
| 丛书名: | ||
| 单 册: | ||
| 中图分类: | J643.3 | |
| 科图分类: | ||
| 主题词: | 舞剧音乐 , 舞剧音乐 , 芭蕾舞剧--舞剧音乐--总谱--中国--现代 , 总谱 | |
| 电子资源: | ||
| ISBN: | 7-103-02112-0 | |
| 000 | 00861ncm0 2200265 450 | |
| 001 | 002869639 | |
| 005 | 20070807084510.53 | |
| 010 | @a7-103-02112-0@dCNY17.00 | |
| 100 | @a20050427d2004 em y0chiy0110 ea | |
| 101 | 0 | @achi |
| 102 | @aCN@b110000 | |
| 105 | @ag z 000yy | |
| 200 | 1 | @a红色娘子军@9hong se niang zi jun@e音乐会组曲 管弦乐总谱@f吴祖强等[作曲] |
| 210 | @a北京@c人民音乐出版社@d2004 | |
| 215 | @a128页@d26cm | |
| 330 | @a本书收录的乐谱作品有:琼花独舞;娘子军操练舞;赤卫队员五寸刀舞;琼花独舞场景;黎族少女舞等。 | |
| 510 | 1 | @aRed Detachment of Women Concert Suite Orchstral Score@zeng |
| 606 | 0 | @a舞剧音乐 |
| 606 | 0 | @a舞剧音乐 |
| 606 | 0 | @a芭蕾舞剧@x舞剧音乐@x总谱@y中国@z现代 |
| 606 | 0 | @a总谱 |
| 690 | @aJ643.3@v4 | |
| 701 | 0 | @a吴祖强@9wu zu qiang@f(1927~)@4作曲 |
| 801 | 0 | @aCN@bNLC@c20070807 |
| 905 | @a10447@dJ643.3@e230 | |
| 红色娘子军:音乐会组曲 管弦乐总谱/吴祖强等[作曲].-北京:人民音乐出版社,2004 |
| 128页;26cm |
| ISBN 7-103-02112-0:CNY17.00 |
| 本书收录的乐谱作品有:琼花独舞;娘子军操练舞;赤卫队员五寸刀舞;琼花独舞场景;黎族少女舞等。 |
| ● |
| 相关链接 |
|
|
|
|
正题名:红色娘子军
索取号:J643.3/230
 
预约/预借
| 序号 | 登录号 | 条形码 | 馆藏地/架位号 | 状态 | 备注 |
| 1 | 0802080 | 208020808 | 第一样本阅览室/ [索取号:J643.3/230] | 在馆 | |
| 2 | 0802081 | 208020817 | 第一借阅区/ [索取号:J643.3/230] | 在馆 | |
| 3 | 0802082 | 208020826 | 第一借阅区/ [索取号:J643.3/230] | 在馆 | |
| 4 | 0802083 | 208020835 | 第一借阅区/ [索取号:J643.3/230] | 在馆 | |
| 5 | 0802084 | 208020844 | 第一借阅区/ [索取号:J643.3/230] | 在馆 | |
| 6 | 0802085 | 208020853 | 第一借阅区/ [索取号:J643.3/230] | 在馆 | |
| 7 | 0802086 | 208020862 | 第一借阅区/ [索取号:J643.3/230] | 在馆 | |
| 8 | 0802087 | 208020871 | 音乐系资料室/ [索取号:J643.3/230] | 在馆 | |
| 9 | 0802088 | 208020880 | 音乐系资料室/ [索取号:J643.3/230] | 在馆 | |
| 10 | 0802089 | 208020899 | 音乐系资料室/ [索取号:J643.3/230] | 在馆 |